De la gramatología
Guardat en:
| Autor principal: | |
|---|---|
| Format: | Llibre |
| Idioma: | espanyol |
| Publicat: |
Ciudad de México
Siglo Veintiuno
2008
|
| Edició: | 9a. ed |
| Col·lecció: | Lingüistica y Teoría Literaria
|
| Matèries: | |
| Etiquetes: |
Afegir etiqueta
Sense etiquetes, Sigues el primer a etiquetar aquest registre!
|
MARC
| LEADER | 00000nam a2200000 a 4500 | ||
|---|---|---|---|
| 001 | UCG3498 | ||
| 003 | CL-VaPUC | ||
| 008 | 100902e20080000MX |||||||||||||||||spa|d | ||
| 020 | |a 9789682301827 | ||
| 082 | 0 | 4 | |a 401 |b DER |2 21 |
| 100 | |a Derrida, Jacques |d 1930-2004 |e author |9 449254 | ||
| 245 | 1 | 0 | |a De la gramatología |
| 250 | |a 9a. ed | ||
| 300 | |a 397 p | ||
| 942 | |c BK | ||
| 945 | |d 20100902 00:00:00 |a mfarfan | ||
| 260 | |a Ciudad de México |b Siglo Veintiuno |c 2008 | ||
| 650 | 0 | |a Gramática comparada y general |9 313380 | |
| 650 | 7 | |a LINGÜISTICA DESCRIPTIVO |2 CL-VaPUC |9 552700 | |
| 650 | 0 | |a Escritura |9 264941 | |
| 583 | |a last modification |c 20100902 00:00:00 |k Rodrigo Vera | ||
| 490 | 0 | |a Lingüistica y Teoría Literaria | |
| 999 | |c 342566 |d 342564 | ||
| 952 | |0 0 |1 0 |4 0 |6 401_000000000000000_DER_2008 |7 0 |8 A |9 438823 |a BIBCUR |b BIBCUR |d 2019-11-22 |i 471038K |o 401 DER 2008 |p 471038K |r 2025-04-22 |w 2019-11-22 |y BK |k PER | ||